000
00265nam a2200109Ia 4500
008
201217s9999 xx 000 0 und d
100
_a
Peppers, Larry C.
245
0
_a
Managerial Economics
260
_a
Engle4wood Cliffs
_b
Prentice Hall
300
_a
679
942
_c
BK
999
_c
7873
_d
7873